[Event "CHN-chB (Women)"]
[Site "Hangzhou"]
[Date "2019.??.??"]
[Round "1"]
[White "Zhang, Xiao"]
[Black "Cai, Jinru"]
[Result "1-0"]
[WhiteElo "2259"]
[BlackElo "1585"]
[PlyCount "65"]
[EventDate "2019.07.02"]
[EventType "swiss"]
[EventRounds "11"]
[EventCountry "CHN"]
[SourceTitle "CBM 191 Extra"]
[Source "ChessBase"]
[SourceDate "2019.09.30"]
[SourceVersion "1"]
[SourceVersionDate "2019.09.30"]
[SourceQuality "1"]

1. d4 Nf6 2. c4 e6 3. Nf3 d5 4. e3 Bb4+ 5. Bd2 Be7 6. Nc3 0-0 7. Bd3 b6 8. cxd5 exd5 9. 0-0 Bb7 10. Rc1 Nbd7 11. Qe2 a6 12. Rfd1 Ne4 13. Be1 Bd6 14. Ne5 f6 15. Bxe4 fxe5 16. Bxd5+ Bxd5 17. Nxd5 exd4 18. Rxd4 c5 19. Rdd1 b5 20. Qg4 Ne5 21. Qe6+ Kh8 22. f4 Nc4 23. b3 Re8 24. Qh3 Na3 25. Bh4 Qb8 26. Nf6 gxf6 27. Bxf6+ Kg8 28. Qg4+ Kf7 29. Qg7+ Ke6 30. g4 Bxf4 31. exf4 Qxf4 32. Qd7+ Kxf6 33. Rf1 1-0

[Event "Wch U12 Girls"]
[Site "Santiago de Compostela"]
[Date "2018.11.10"]
[Round "6"]
[White "Ke, Rianne"]
[Black "Cai, Jinru"]
[Result "1-0"]
[WhiteElo "1600"]
[BlackElo "1578"]
[PlyCount "91"]
[EventDate "2018.11.04"]
[EventType "swiss"]
[EventRounds "11"]
[EventCountry "ESP"]
[SourceTitle "EXT 2022"]
[Source "ChessBase"]
[SourceDate "2021.10.06"]
[SourceVersion "1"]
[SourceVersionDate "2021.10.06"]
[SourceQuality "1"]

1. e4 d6 2. d4 Nf6 3. Nc3 g6 4. f4 Bg7 5. Nf3 0-0 6. e5 Ne8 7. h4 h5 8. Be3 c6 9. Bd3 Bg4 10. Qd2 e6 11. 0-0-0 Nd7 12. Rdg1 Bxf3 13. gxf3 Nb6 14. Qg2 d5 15. f5 exf5 16. e6 fxe6 17. Qxg6 Qd7 18. Qxh5 Nf6 19. Qg5 Nh7 20. Qh5 Qf7 21. Rg6 Kh8 22. Bh6 Rg8 23. Rhg1 Bxh6+ 24. Qxh6 Rae8 25. f4 Nd7 26. Be2 Ndf6 27. h5 Re7 28. Rh1 b6 29. Nd1 c5 30. dxc5 bxc5 31. Nf2 Rb8 32. Rg3 Reb7 33. Nd3 Nd7 34. Rhg1 Qf6 35. Rg6 Qd4 36. R1g3 Rxb2 37. Nxb2 Qxb2+ 38. Kd2 Qd4+ 39. Rd3 Qb2 40. Ke3 c4 41. c3 Qc1+ 42. Kf2 Rg8 43. Rxg8+ Kxg8 44. Rg3+ Kf7 45. Rg7+ Kf8 46. Rg1+ 1-0